000 00921nam a2200301 a 4500
001 000006802
005 20200929154010.0
008 830728s1981 sp a 000 0bspa d
020 _a8485861019
040 _aDO-SdBNP
_cDLC
_dDLC
_dBNPHU
043 _ae-sp-
082 _annnn
_bC415t
100 1 _aCernuda, Pilar,
_d1948-
_918900
245 1 0 _aTodo un rey /
_cPilar Cernuda ... [et al.].
250 _a4a ed.
260 _aMadrid :
_bEYE,
_c1981.
300 _a236 p. :
_bil. ;
_c24 cm.
490 1 _aColección Biblioteca FIES
_v1
600 0 0 _aJuan Carlos
_bI,
_cKing of Spain,
_d1938-
_918901
600 3 0 _aBourbon, House of.
_918902
651 0 _aSpain
_xKings And Rulers
_xBiography.
_918903
700 1 _aOneto, José,
_918904
700 1 _aPi, Ramón,
_918905
700 1 _aRamírez, Pedro J.,
_918906
830 0 _aColección Biblioteca FIES ;
_v1
_918907
910 _aCatalogación derivada
049 _aBNGR
999 _c6590
_d6590